| 000 | 01282cad a22002895a 4500 | ||
|---|---|---|---|
| 001 | L159919 | ||
| 008 | 100415u20180410xxk g 000 0 eng d | ||
| 035 | _a(Sirsi) u159919 | ||
| 041 | 0 | _aeng | |
| 050 | 0 | 4 | _a692.5 $2 18 |
| 110 |
_aRoyal Institution of Chartered Surveyors _94900 |
||
| 245 | 0 | 4 | _aSharing construction cost data - benefits, challenges and opportunities |
| 260 |
_aLondon _bRICS _c2018 |
||
| 490 | 0 | _aRICS Research | |
| 490 | 0 | _aRICS Insight | |
| 520 | _aSummarises the key challenges and opportunities of sharing construction cost data as well as outlining the main points for further debate. Although the inconsistencies in the way that cost, resource, and schedule information is modelled and expressed are fully recognised, this paper focuses on cost data in the first instance since that is what is of immediate and greatest value to clients. | ||
| 590 | _aKA NTK | ||
| 650 | 2 | 4 | _aCONSTRUCTION COSTS |
| 650 | 2 | 4 | _aCOST DATA |
| 650 | 2 | 4 | _aOPEN DATA |
| 651 | 4 | _aUnited Kingdom | |
| 651 | 4 | _aInternational | |
| 690 | _aBUILT ENVIRONMENT-BUILDING COSTS | ||
| 700 | 1 | _aHorner, Malcolm | |
| 856 | 4 | 0 |
_uhttps://www.isurv.com/info/390/features/11717/sharing_data_costs_and_benefits _zSummary on isurv, full text no longer available |
| 942 |
_n0 _2ddc |
||
| 999 |
_c116150 _d116150 |
||